| 000 | 00817cab a2200253 4500 | ||
|---|---|---|---|
| 001 | ABS47574 | ||
| 008 | 090401t1992 xxu||||| |||| 00| 0 eng d | ||
| 035 | _a(Sirsi) u62528 | ||
| 041 | _aeng | ||
| 100 | _aPowell-Smith, V. | ||
| 245 | 4 | _aThe risk of rejection | |
| 260 | _c1992 | ||
| 350 | _a0 | ||
| 490 |
_aContract Journal _v365(5902) 10 December 1992, 10(1) |
||
| 520 | _aDiscusses the application of "Blackpool and Fylde Aero Club v Blackpool BC" (1990) (ABS 43004) and its influence on the case "Fairclough Building Ltd v Port Talbot BC" (1992) (ABS 47205). | ||
| 650 | _aBREACH OF CONTRACT | ||
| 650 | _aCONTRACT | ||
| 650 | _aDISCLOSURE OF INTEREST | ||
| 650 | _aTENDERS LIST | ||
| 650 | _aTENDERS | ||
| 690 | _aBUILT ENVIRONMENT-BUILDING CONTRACT FORMS | ||
| 942 | _n0 | ||
| 948 | _c04/03/1997 | ||
| 999 |
_c38841 _d38841 |
||